[Event "VIE-ch U15 Girls"]
[Site "Ho Chi Minh City"]
[Date "2022.07.14"]
[Round "6"]
[White "Nguyen, Ngoc Ha Anh"]
[Black "Le, Thi Thuan Loi"]
[Result "1/2-1/2"]
[WhiteElo "2101"]
[BlackElo "2104"]
[PlyCount "91"]
[EventDate "2022.07.11"]
[EventType "swiss"]
[EventRounds "9"]
[EventCountry "VIE"]
[SourceTitle "EXT 2023"]
[Source "ChessBase"]
[SourceDate "2022.10.05"]
[SourceVersion "1"]
[SourceVersionDate "2022.10.05"]
[SourceQuality "1"]

1. d4 Nf6 2. c4 g6 3. Nc3 d5 4. cxd5 Nxd5 5. e4 Nxc3 6. bxc3 Bg7 7. Be3 0-0 8. Nf3 b6 9. Rc1 Bb7 10. d5 Nd7 11. Bd3 c6 12. c4 Rc8 13. 0-0 cxd5 14. cxd5 Nf6 15. Bb1 Re8 16. Rxc8 Qxc8 17. Bd4 Rd8 18. Bxf6 Bxf6 19. Re1 Qc5 20. Qc2 Qxc2 21. Bxc2 Rc8 22. Bb3 Bc3 23. Rd1 Ba6 24. Rc1 Bb4 25. Rxc8+ Bxc8 26. Nd4 Bd7 27. Nc6 Bxc6 28. dxc6 Bd6 29. a4 Kf8 30. Bc4 Kg7 31. Kf1 f5 32. exf5 gxf5 33. h3 Kf6 34. Ke2 f4 35. Kf3 Ke5 36. Kg4 Kf6 37. Kh5 Kg7 38. Kg5 h6+ 39. Kf5 Kf8 40. Bb5 Kf7 41. Bc4+ Ke8 42. Kg6 e5 43. Kxh6 e4 44. Kg5 Kd8 45. Kf5 f3 46. gxf3 1/2-1/2